On being the Church in the world (Record no. 19296)
[ view plain ]
| 000 -LEADER | |
|---|---|
| fixed length control field | 00701cam a22002051 4500 |
| 001 - CONTROL NUMBER | |
| control field | 7502267 |
| 005 - DATE AND TIME OF LATEST TRANSACTION | |
| control field | 20070507094350.0 |
| 008 - FIXED-LENGTH DATA ELEMENTS--GENERAL INFORMATION | |
| fixed length control field | 750625s1960 xx 000 0 eng |
| 010 ## - LIBRARY OF CONGRESS CONTROL NUMBER | |
| LC control number | 62014939 |
| 040 ## - CATALOGING SOURCE | |
| Original cataloging agency | DLC |
| Transcribing agency | MCED |
| Modifying agency | DLC |
| 042 ## - AUTHENTICATION CODE | |
| Authentication code | premarc |
| 050 00 - LIBRARY OF CONGRESS CALL NUMBER | |
| Classification number | BR115 |
| Item number | .R63 1960 |
| 100 1# - MAIN ENTRY--PERSONAL NAME | |
| Personal name | Robinson, John A. T. |
| Fuller form of name | (John Arthur Thomas), |
| Dates associated with a name | 1919-1983. |
| 245 10 - TITLE STATEMENT | |
| Title | On being the Church in the world |
| Statement of responsibility, etc | [by] John A. T. Robinson. |
| 260 ## - PUBLICATION, DISTRIBUTION, ETC. (IMPRINT) | |
| Place of publication, distribution, etc | Philadelphia, |
| Name of publisher, distributor, etc | Westminster Press, |
| Date of publication, distribution, etc | [c1960] |
| 300 ## - PHYSICAL DESCRIPTION | |
| Extent | 158 p. |
| Dimensions | 23 cm. |
| 650 #0 - SUBJECT ADDED ENTRY--TOPICAL TERM | |
| Topical term or geographic name as entry element | Church. |
| 942 ## - ADDED ENTRY ELEMENTS (KOHA) | |
| Source of classification or shelving scheme | Library of Congress Classification |
| Item type | Book |
| Withdrawn status | Lost status | Source of classification or shelving scheme | Damaged status | Not for loan | Collection code | Home library | Current library | Shelving location | Date acquired | Full call number | Barcode | Price effective from | Koha item type | Public note |
|---|---|---|---|---|---|---|---|---|---|---|---|---|---|---|
| Withdrawn | Library of Congress Classification | Non-fiction | Bishop Okullu Memorial Library (Limuru Campus) | Bishop Okullu Memorial Library (Limuru Campus) | General Circulation | 15/12/2008 | BR115R63 1960 | 013148 | 15/12/2008 | Book | Never borrowed |